Statistiques concernant Equipe de France de Football - Tout les joueurs (2000-2019)

Cliquez ici pour prendre le quiz!

Statistiques générales

  • Ce quiz a été pris 172 fois
    (81 depuis la dernière actualisation)
  • Le résultat moyen est 95 sur 171

Statistiques - réponses

Première sélection Dernière sélection Joueur % Correct
19972010Thierry Henry
98%
2013-Paul Pogba
98%
19892000Didier Deschamps
98%
2008-Steve Mandanda
96%
19942006Zinédine Zidane
96%
19892000Laurent Blanc
94%
2016-N'Golo Kanté
94%
2014-Antoine Griezmann
94%
2013-Raphaël Varane
94%
2011-Olivier Giroud
94%
19942006Fabien Barthez
94%
2008-Hugo Lloris
94%
2017-Benjamin Pavard
94%
20072015Karim Benzema
94%
2010-Blaise Matuidi
92%
20062014Franck Ribéry
92%
2016-Samuel Umtiti
92%
2018-Lucas Hernandez
90%
2017-Benjamin Mendy
88%
2017-Kylian Mbappé
88%
2018-Ferland Mendy
88%
20042004Bernard Mendy
88%
19982008David Trezeguet
88%
2017-Florian Thauvin
85%
2016-Ousmane Dembélé
85%
2010-Adil Rami
85%
19942008Lilian Thuram
85%
19902003Emmanuel Petit
83%
2016-Djibril Sidibé
83%
2010-Dimitri Payet
83%
19922004Bixente Lizarazu
83%
2018-Alphonse Areola
83%
2015-Anthony Martial
81%
2017-Steven Nzonzi
81%
20072015Hatem Ben Arfa
79%
2015-Kingsley Coman
79%
2015-Nabil Fekir
79%
20082013Yoann Gourcuff
79%
20042016Patrice Évra
77%
20072013Samir Nasri
77%
20102015Mathieu Valbuena
77%
2017-Corentin Tolisso
77%
2009-Moussa Sissoko
75%
19932000Bernard Lama
75%
2016-Thomas Lemar
75%
19932002Youri Djorkaeff
73%
19952008Claude Makélélé
73%
19932004Marcel Desailly
73%
2014-Lucas Digne
73%
20072016Lassana Diarra
71%
2013-Alexandre Lacazette
71%
2018-Presnel Kimpembe
71%
2019-Clément Lenglet
71%
2018-Wissam Ben Yedder
71%
2016-Adrien Rabiot
71%
20042012Alou Diarra
71%
20042010Florent Malouda
69%
20102015Stéphane Ruffier
69%
20102016Yohan Cabaye
69%
20012008Grégory Coupet
69%
19982010Nicolas Anelka
69%
19972010Patrick Vieira
69%
19952002Frank Leboeuf
67%
20112015Mathieu Debuchy
67%
20112018Laurent Koscielny
67%
19962004Robert Pirès
67%
20092016André-Pierre Gignac
65%
19962002Vincent Candela
65%
20072016Bacary Sagna
65%
20022011William Gallas
65%
20102016Mamadou Sakho
63%
2016-Benoît Costil
63%
2019-Jonathan Ikoné
63%
20002008Willy Sagnol
63%
19942002Christophe Dugarry
63%
19922002Christian Karembeu
63%
20142014Rémy Cabella
60%
20012007Mickaël Landreau
60%
20022011Djibril Cissé
60%
20102013Jérémy Ménez
58%
2010-Kevin Gameiro
58%
2019-Léo Dubois
58%
2019-Mike Maignan
58%
20132015Geoffrey Kondogbia
56%
2015-Kurt Zouma
56%
19972002Alain Boghossian
56%
20022012Philippe Mexès
56%
20042013Éric Abidal
54%
20022010Sidney Govou
54%
2014-Layvin Kurzawa
54%
20072012Abou Diaby
54%
20002005Ludovic Giuly
54%
2018-Benjamin Lecomte
54%
19992006Sylvain Wiltord
52%
20032007Jérôme Rothen
52%
20122017Christophe Jallet
50%
20112011Cédric Carrasso
50%
19992004Johan Micoud
50%
20142015Morgan Schneiderlin
50%
2018-Alassane Pléa
48%
2018-Tanguy Ndombele
48%
20112012Marvin Martin
48%
20062010Jérémy Toulalan
48%
2017-Tiémoué Bakayoko
46%
20042014Rio Antonio Mavuba
46%
20032009Jean-Alain Boumsong
46%
20032012Anthony Réveillère
46%
20152015Paul-Georges Ntep
44%
20132014Clément Grenier
44%
19992006Vikash Dhorasoo
44%
20122015Benoît Trémoulinas
42%
20042006Gaël Givet
42%
20072008Sébastien Frey
42%
20082013Bafétimbi Gomis
42%
20132016Eliaquim Mangala
42%
20102010Marc Planus
42%
20062006Pascal Chimbonda
40%
20092014Loïc Rémy
40%
20022005Benoît Pedretti
40%
20122012Clément Chantôme
40%
20112015Maxime Gonalons
38%
20042010Sébastien Squillaci
38%
20022004Bruno Cheyrou
38%
20102010Aly Cissokho
35%
20082008Steve Savidan
35%
20012004Olivier Dacourt
35%
19992003Ulrich Ramé
35%
2016-Sébastien Corchia
35%
20082013Gaël Clichy
35%
20042009Peguy Luyindula
33%
20062006Julien Faubert
33%
20062008François Clerc
33%
20132014Josuha Guilavogui
33%
20102012Yann M'Vila
33%
20122014Mapou Yanga-Mbiwa
33%
20012002Éric Carrière
33%
20112011Younès Kaboul
33%
19972001Lionel Letizi
31%
20112016Jérémy Mathieu
31%
20042010Louis Saha
31%
20012006Mikaël Silvestre
31%
20102011Guillaume Hoarau
31%
20012001Nicolas Gillet
29%
20062010Julien Escudé
27%
19982000Tony Vairelles
27%
19962001Sabri Lamouchi
27%
20052005Franck Jurietti
27%
20022004Olivier Kapo
25%
20012001Zoumana Camara
25%
20102011Charles N'Zogbia
25%
20072008Mathieu Flamini
25%
20082012Jimmy Briand
23%
20122013Étienne Capoue
23%
20102010Mickaël Ciani
23%
20082008Florent Sinama-Pongolle
23%
20082010Rod Fanni
23%
20122012Morgan Amalfitano
21%
20002004Steve Marlet
21%
2019-Mattéo Guendouzi
21%
19962000Martin Djetou
19%
19982000Frédéric Déhu
19%
20042005Camel Meriem
17%
20052005Jonathan Zebina
17%
20012002Jérémie Bréchet
17%
20072007Frédéric Piquionne
17%
20002002Philippe Christanval
17%
20022004Daniel Moreira
17%
20012001Frédéric Née
15%
19992001Laurent Robert
15%
20002000Richard Dutruel
13%
20032003Ousmane Dabo
8%

Distribution des résultats

Percentile by Number Answered

% des personnes avec chaque résultat

Votre développement - résultats

Vous n’avez pas pris ce quiz depuis la dernière actualisation